| 000 | 00718nam a2200217Ia 4500 | ||
|---|---|---|---|
| 008 | 191130s2008##################000#0#eng## | ||
| 020 | _a9780140280999 | ||
| 040 |
_aACL _cACL |
||
| 082 | _a720.92 HIL | ||
| 100 | _aHill, Rosemary | ||
| 245 |
_aGod's architect : Pugin and the building of Romantic Britain _cRosemary Hill |
||
| 260 |
_aLondon _bPenguin _c2008 |
||
| 300 | _axiii, 601 p., [24] p. of plates : ill. ; 20 cm | ||
| 500 | _aincludes index | ||
| 650 | _aArchitects -- Great Britain -- Biography | ||
| 650 | _aGothic revival (Architecture) -- England | ||
| 650 | _aPugin, Augustus Welby Northmore, -- 1812-1852 | ||
| 990 | _a6dde59f5ac10000c2652363cc0d57dc6 | ||
| 991 | _a311073 | ||
| 999 |
_c196208 _d196208 |
||